000 00579nam a2200205 a 4500
005 20140310183530.0
008 111001s19uu xx 00 eng d
020 _a9780702031533
050 _aRA 776.9
_b.M37 2010
100 _aMason, Pip
245 _aHealth behavior change :
_ba guide for practitioners /
_cPip Mason and Christopher Butler.
250 _a2nd ed.
260 _aSingapore :
_bElsevier,
_c2010.
300 _a221 p. :
_c24 cm.
521 _aNUR
650 _aHealth behavior
700 _aButler, Christopher
942 _cBK
_2lcc
_kFOR
999 _c24601
_d24601